000 00370nam a2200145Ia 4500
008 230917s9999||||xx |||||||||||||| ||und||
040 _e247913
_aMAIN
041 _aEnglish
082 _a338.160954 P78S
100 _aPooja Kumar
245 0 _aStudy on growth and instability in agriculture production in Haryana
260 _c2016
300 _a80 p.
942 _cTH
999 _c127544
_d127544